Atmosphere ocean interaction
Sábháilte in:
| Príomhchruthaitheoirí: | , |
|---|---|
| Formáid: | LEABHAR |
| Teanga: | Béarla |
| Foilsithe / Cruthaithe: |
Oxford
Oxford University Press
1994
|
| Eagrán: | 2a. ed |
| Sraith: | Oxford Monographs on Geology and Geophysics, 27
|
| Ábhair: | |
| Clibeanna: |
Cuir clib leis
Níl clibeanna ann, Bí ar an gcéad duine le clib a chur leis an taifead seo!
|
MARC
| LEADER | 00000nam a2200000 a 4500 | ||
|---|---|---|---|
| 001 | UCP2063 | ||
| 003 | CL-VaPUC | ||
| 008 | 990507e19940000UK |||||||||||||||||eng|d | ||
| 082 | 0 | 4 | |a 551.5 |b KRA |2 21 |
| 100 | 0 | |a Kraus, E. B |e author |9 428497 | |
| 700 | 0 | |a Businger, J. A |e author |9 428498 | |
| 245 | 1 | 0 | |a Atmosphere ocean interaction |
| 250 | |a 2a. ed | ||
| 300 | |a 362 p | ||
| 942 | |c BK | ||
| 945 | |d 19990507 00:00:00 |a rbrito | ||
| 260 | |a Oxford |b Oxford University Press |c 1994 | ||
| 650 | 0 | |a Geología |9 260984 | |
| 650 | 0 | |a Océanos |9 344473 | |
| 650 | 7 | |a RADIACION SOLAR |2 CL-VaPUC |9 350685 | |
| 650 | 7 | |a ONDAS MARINAS |2 CL-VaPUC |9 416750 | |
| 650 | 7 | |a TURBULENCIAS MARINAS |2 CL-VaPUC |9 428499 | |
| 650 | 7 | |a CAMBIO ATMOSFERICO |2 CL-VaPUC |9 428500 | |
| 583 | |a last modification |c 19990507 00:00:00 |k Rodrigo Vera | ||
| 490 | 0 | |a Oxford Monographs on Geology and Geophysics, 27 | |
| 999 | |c 280663 |d 280661 | ||
| 952 | |0 0 |1 0 |2 ddc |4 0 |6 551_500000000000000_KRA_1994 |7 0 |8 CCM |9 321113 |a BIBCUR |b BIBCUR |c PAC |d 2019-11-20 |i 3513572 |o 551.5 KRA 1994 |p 3513572 |r 2025-04-22 |w 2019-11-20 |y BK |k CIM | ||